=LDR 00000nam 2200000 4500 =001 INLIS000000000011322 =005 20130612102909 =008 ***********************************Ind** =035 ##$$0010-061300000011322 =041 ##$$a Ind =082 ##$$a 959.812 22 =090 ##$$a 959.812 22, Sar p =100 ##$$a Saragih, J.E =245 ##$$a Pustaka Laklak No.252 Musium Simalungun, J.E.Saragih =260 ##$$a [19...] $b Jakarta =300 ##$$a V,195 hlm., ilmu, 21 cm =650 ##$$a Sejarah =850 ##$$a NBPNMAT